| 000 | 00888nas a2200277 4500 | ||
|---|---|---|---|
| 001 | BR0001009 | ||
| 003 | BR-BrBNA | ||
| 005 | 20231205101724.0 | ||
| 007 | ta | ||
| 008 | 230509b bl.|||p| |||| 00| 00por d | ||
| 040 |
_aBR-BrBNA _bpor _cBiblioteca Nacional de Agricultura |
||
| 041 | _a(Pt) | ||
| 072 | _aF04; H10 | ||
| 100 | 1 | _aAndrade, R.C. de | |
| 100 | 1 | _aAlmeida, C.L.L.M. de | |
| 100 | 1 | _aCalafiori, M.H. | |
| 245 | 1 | _aInfluencia de adubacao fosfatada sobre os danos causados por vaquinha, Diabrotica speciosa (German, 1824), e na nodulacao do feijoeiro, Phaseolus vulgaris L. | |
| 650 | _aFeijao | ||
| 650 | _aVaquinha | ||
| 650 | _aAdubacao | ||
| 650 | _aFertilizante Fosfatado | ||
| 650 | _aNodulacao | ||
| 773 | 0 |
_tEcossistema (Brazil) _xISSN 0100-4107 _g(Dec 1998), v. 23 p. 57-59 _wBR0001009 |
|
| 909 |
_a202311 _bLúcia _c55 _dLúcia Elande |
||
| 942 |
_2AGRIS _n0 _cANA |
||
| 999 |
_c163491 _d163491 |
||